Statystyki dla 15 najbardziej dotkniętych krajów Covid-19 - 17 czerwca

Kliknij tutaj aby rozwiązać quiz!

Ogólne statystyki

  • Ten quiz został rozwiązany 31 razy
  • Średni wynik to 12 z 27

Statystyki odpowiedzi

kraj% Poprawnych
Stany Zjednoczone
93%
Niemcy
89%
Rosja
86%
Włochy
86%
Francja
75%
Hiszpania
75%
Indie
75%
Brazylia
71%
Wielka Brytania
61%
Meksyk
57%
Szwecja
54%
Iran
39%
Białoruś
32%
Chile
32%
Chile
32%
Turcja
32%
Irlandia
29%
Pakistan
29%
Katar
25%
Peru
21%
Belgia
18%
Kuwejt
14%
Singapur
14%
Armenia
7%
Bahrajn
7%
Oman
7%
Panama
7%

Rozkład punktacji

Percentyl według liczby udzielonych odpowiedzi

Procent ludzi z każdym wynikiem

Twoja historia wyników

Nie rozwiązałeś tego quizu